Personality, Character Strengths and Cultural Intelligence : (Record no. 184896)
[ view plain ]
| 000 -CABECERA | |
|---|---|
| campo de control de longitud fija | 02216nab a2200289 a 4500 |
| 005 - FECHA Y HORA DE LA ÚLTIMA TRANSACCIÓN | |
| campo de control | 20210219162908.0 |
| 008 - ELEMENTOS DE LONGITUD FIJA--INFORMACIÓN GENERAL | |
| campo de control de longitud fija | 991125s1985 mx 000 0 spa u |
| 035 ## - NÚMERO DE CONTROL DEL SISTEMA | |
| Número de control de sistema | UPN01000212796 |
| 049 ## - COLECCIÓN | |
| Colección | ART |
| 100 1# - ASIENTO PRINCIPAL--NOMBRE PERSONAL | |
| Nombre de persona | Domingo Depaula, Pablo |
| 100 1# - ASIENTO PRINCIPAL--NOMBRE PERSONAL | |
| Filiación | lic_pablodepaula@yahoo.com.ar |
| 100 1# - ASIENTO PRINCIPAL--NOMBRE PERSONAL | |
| Nombre de persona | Azzollini, Susana Celeste |
| 100 1# - ASIENTO PRINCIPAL--NOMBRE PERSONAL | |
| Nombre de persona | Cosentino, Alejandro César |
| 100 1# - ASIENTO PRINCIPAL--NOMBRE PERSONAL | |
| Nombre de persona | Castillo, Sergio Edgardo |
| 222 #0 - TÍTULO CLAVE | |
| Título clave | AVANCES EN PSICOLOGIA LATINOAMERICANA |
| 245 00 - MENCIÓN DE TÍTULO | |
| Título | Personality, Character Strengths and Cultural Intelligence : |
| Resto del título | “Extraversion” or “Openness” as Further Factors Associated to the Cultural Skills |
| 260 ## - PUBLICACIÓN, DISTRIBUCIÓN, ETC. | |
| Lugar de publicación, distribución, etc. | Bogotá, Colombia |
| 300 ## - DESCRIPCIÓN FÍSICA | |
| Extensión | 415-436 |
| 362 0# - FECHAS DE PUBLICACIÓN Y/O DESIGNACIÓN SECUENCIAL | |
| Fecha de publicación y/o designación secuencial | 2016 Volumen 34, número 2 |
| 520 3# - NOTA DE RESUMEN, ETC. | |
| Sumario, etc. | En la actualidad, el desarrollo y funcionamiento de la inteligencia cultural se estudia en función de sus asociaciones con determinados aspectos de la personalidad. Sin embargo, es sabido que los estudios acerca de los expatriados aún no han hallado el poder predictivo de los rasgos de la personalidad sobre las mencionadas habilidades culturales. El presente estudio aborda los resultados de tres investigaciones en las que se analizaron asociaciones entre el modelo de los Cinco Grandes factores de la personalidad, la variable inteligencia cultural y las fortalezas del carácter. La hipótesis de la investigación es que el factor de la personalidad apertura se asocia en mayor medida a la inteligencia cultural que el factor extraversión. Además, la fortaleza del carácter, denominada inteligencia social, predice el nivel de inteligencia cultural de los estudiantes militares. Los resultados indicaron que la apertura constituye un predictor positivo de la inteligencia cultural general de los estudiantes, y la fortaleza del carácter inteligencia social predice positivamente la inteligencia cultural en mayor medida que otros predictores que fueron parte del modelo analizado |
| 653 0# - TERMINO DE INDIZACION - NO CONTROLADO | |
| Término no controlado | PERSONALIDAD |
| 653 0# - TERMINO DE INDIZACION - NO CONTROLADO | |
| Término no controlado | INTELIGENCIA CULTURAL |
| 653 0# - TERMINO DE INDIZACION - NO CONTROLADO | |
| Término no controlado | FORTALEZAS DEL CARACTER |
| 856 4# - LOCALIZACIÓN Y ACCESO ELECTRÓNICOS | |
| Identificador Uniforme del Recurso | <a href="http://www.redalyc.org/articulo.oa?id=79945606014">http://www.redalyc.org/articulo.oa?id=79945606014</a> |
| 856 4# - LOCALIZACIÓN Y ACCESO ELECTRÓNICOS | |
| Identificador Uniforme del Recurso | <a href="http://revistas.urosario.edu.co/index.php/apl/article/view/2975/3139">http://revistas.urosario.edu.co/index.php/apl/article/view/2975/3139</a> |
| 905 ## - TIPO DE MATERIAL | |
| Tipo de material | Articulo |
No items available.
